ČSN 74 6184 Okna a balkónové dveře Metoda zjišťováni vodotěsnosti

Bibliographic Details
Format: Book
Language:Undetermined
PhysicalDescription:7 s.
Published: Praha ÚNM 1990

MARC

LEADER 00000nam a2200000 a 4500
001 vtls001303320
003 SK-MaSNL
005 20260223214458.0
008 210928s1990 xx 0 und
035 |a SNK000255465 
040 |a SNK  |b slo  |c SNK  |e AACR2 
245 1 |a ČSN 74 6184 Okna a balkónové dveře  |b Metoda zjišťováni vodotěsnosti 
260 |a Praha  |b ÚNM  |c 1990 
300 |a 7 s. 
958 |a OND 
999 |c 715749  |d 717679 
952 |t P60, <04>, [BOOK], {604}  |a SNK  |b SNK  |y VYP  |7 0  |p 17A0097858  |o snkČSN 74 6184  |0 0  |1 0  |4 0  |d 1997-09-24  |l 0  |r 2005-01-02 00:00:00  |w 2026-02-23